Hevea thrips : Note on a new pest of rubber trees (Record no. 60343)

MARC details
000 -LEADER
fixed length control field 00342nam a2200121Ia 4500
100 ## - MAIN ENTRY--AUTHOR NAME
Personal name Beeley F
245 #0 - TITLE STATEMENT
Title Hevea thrips : Note on a new pest of rubber trees
260 ## - PUBLICATION, DISTRIBUTION, ETC. (IMPRINT)
Name of publisher Journal of the Rubber Research Institute of Malaya
Year of publication 1935
300 ## - PHYSICAL DESCRIPTION
Number of Pages 58-61
650 ## - SUBJECT ADDED ENTRY--TOPICAL TERM
Topical Term Hevea thrips
942 ## - ADDED ENTRY ELEMENTS (KOHA)
Koha item type Journals
Holdings
Withdrawn status Lost status Damaged status Not for loan Home library Current library Shelving location Date acquired Serial Enumeration / chronology Koha item type
      Journals RRII Library RRII Library Pathology 17/12/2021 Volume 6, Issue 1 Journals